000 00655nam a2200229Ia 4500
003 OSt
005 20230511095700.0
008 210423s2009 xx 000 0 und d
020 _a978-0-415-48005-5
040 _cAL
041 _aeng
082 _a809.1 KUMP
100 _aKUMAR (Akshaya)
_9102257
245 _aPoetry politics and culture: essays on Indian texts and contexts
260 _aLondon
_bRoutledge
_c2009
300 _ax,400p
_bHB
365 _b850
_cINR
650 _aHistory of Literature
_9102258
650 _aLiterature
_9102259
906 _acontexts ; culture: ; essays ; Indian ; Poetry ; politics ; texts
942 _2ddc
_cBK
999 _c165824
_d165824